000 00841nam a2200205 a 4500
003 0
005 20250618081824.0
008 021128s19uu xx 00 eng d
050 _aPGS HQ 784.T4
_b.G643 1999
100 _aGonzales, Jose Mari S.
245 _aThe effects of watching violent television shows to grade five students of Southville International School SY 1998-199
_cGonzales, Jose Mari S.
260 _aLas PiƱas City, Philippines :
_bSouthville International School and Colleges,
_c1999.
300 _a31 pages :
_billustrations ;
_c28 cm.
504 _aIncludes bibliographical references.
650 _aViolence on television.
650 _aTelevision and children.
650 _aTelevision
_vPsychological aspects.
650 _a Television viewers
_vEffect of television viewing on
_vChildren.
942 _2lcc
_cPASS
999 _c96419
_d96419